000 01040cpcaa2200265 4500
001 mm 79000227
003 DLC
005 20260227111629.0
008 790117|||||||||||| eng
010 _amm 79000227
040 _aDLC
_cDLC
_edacs
_dDLC
072 7 _aC
_2lcmd
100 1 _aBloodworth, Timothy,
_d1736-1814.
245 0 0 _aTimothy Bloodworth correspondence,
_f1786.
300 _a1
_fitem.
506 0 _aOpen to research.
545 0 _aDelegate of the U.S. Continental Congress and U.S. representative and senator from North Carolina.
546 _aCollection material in English.
580 _aForms part of: Miscellaneous Manuscripts collection.
656 7 _aDelegates, U.S. Continental Congress
_zNorth Carolina.
_2itoamc
656 7 _aRepresentatives, U.S. Congress
_zNorth Carolina.
_2itoamc
656 7 _aSenators, U.S. Congress
_zNorth Carolina.
_2itoamc
999 _c40220
_d40220